| 000 | 00453nam a2200181Ia 4500 | ||
|---|---|---|---|
| 008 | 221030s9999 xx 000 0 und d | ||
| 020 | _a8177582976 | ||
| 041 | _aEnglish | ||
| 082 |
_a105.23 _bHof |
||
| 100 | _aJ. A. Hoffer | ||
| 245 | 0 |
_aModern Systems Analysis & Design _cby J. A. Hoffer, J.F. George |
|
| 250 | _a4th | ||
| 260 |
_bPearson Education _aDelhi _c2006 |
||
| 300 | _a614 | ||
| 650 | _aComputers | ||
| 700 | _aJ.F. George | ||
| 942 | _cBK | ||
| 999 |
_c2776 _d2776 |
||